00673nam a2200241 a 4500001001300000003000900013005001700022008004100039020001000080082001300090100001400103245003600117260004000153300000900193500003500202505002700237650003000264700001400294902000800308942000700316952009300323999001500416nice12345678IN_TiNIC20260116011418.0050524s1934 hyda grp 000 0 urd  ac10000a180bWRI aWright, J aPhaedras Lysius and Brotaghorus aHyderabadbOsmania Universityc1934 a222p aincludes index and biblioraphy2 aPlus Some Other Tracts aPhilosophy-Greek-Plotinus1 aWright, J bSRS cBK 00104070aHMIbHMId2007-03-15g100.00l0o180 WRIp4139r2007-03-15w2026-01-16yARB c1311d1311